000 01289cam a2200373 a 4500
001 5861
003 FISKH
005 20250808150450.0
008 020530s2002 maua b 000 1 eng
010 _a 2002007962
020 _a0618063986 (hc)
020 _a9780744570502
020 _a0618065709 (pbk.)
020 _a9780618065707
040 _aDLC
_cDLC
_dDLC
_beng
050 _aPZ7.M3359
082 _a813.6
100 _aRey, H. A.
245 0 0 _aCurious George visits a toy store /
_cillustrated in the style of H.A. Rey by Martha Weston.
260 _aBoston :
_bHoughton Mifflin,
_c2002.
300 _a24 pages :
_bcolor illustrations ;
_c21 cm
505 _aM
520 _aAt the opening of a new toy store, Curious George makes a mess and gets into trouble, but the owner soon sees that things aren't as bad as they appear.
521 8 _a530
_bLexile
521 8 _aM
_bRaz-Plus
650 1 _aMonkeys
_vFiction.
650 1 _aToy stores
_vFiction.
700 1 _aRey, Margret.
_eAuthor
700 1 _aWeston, Martha,
_eillustrator
906 _a7
_bcbc
_corignew
_d1
_eecip
_f20
_gy-gencatlg
942 _2ddc
_cBK
_n0
999 _c5861
_d5861